GLOBALIZACION DE LA POBREZA Y NUEVO ORDEN MUNDIAL /

TRADUCCION DE: THE GLOBALISATION OF POVERTY. IMPACTS OF IMF AND WORLD BANK REFORMS

-д хадгалсан:
Номзүйн дэлгэрэнгүй
Үндсэн зохиолч: Chossudovsky, Michel (autor)
Формат: Ном
Цуврал:EL MUNDO DEL SIGLO XXI
Нөхцлүүд:
Шошгууд: Шошго нэмэх
Шошго байхгүй, Энэхүү баримтыг шошголох эхний хүн болох!

MARC

LEADER 00000nam^a2200000^a^4500
001 000248058
005 20250521000000.0
009 20260310105637.507
020 |a 968-23-2351-7 
037 |a Acervo Xavier Clavigero 
082 |a 337.  |b CHO 
100 |a Chossudovsky, Michel  |e (autor) 
245 1 0 |a GLOBALIZACION DE LA POBREZA Y NUEVO ORDEN MUNDIAL /  |c MICHEL CHOSSUDOVSKY ; TRS. ANA MARIA PALOS Y BERTHA RUIZ DE LA CONCHA 
264 |a MEXICO :  |b UNAM, SIGLO XXI,  |c 2002 
300 |a 392 p. :  |b tbs. 
336 |a texto  |b txt  |2 rdacontenido 
337 |a sin mediación  |b n  |2 rdamedio 
338 |a volumen  |b nc  |2 rdasoporte 
440 |a EL MUNDO DEL SIGLO XXI 
520 |a TRADUCCION DE: THE GLOBALISATION OF POVERTY. IMPACTS OF IMF AND WORLD BANK REFORMS 
649 |a XX 
650 |a Pobreza 
650 |a Globalización 
650 |a Apertura Comercial e Integración Económica 
650 |a Política Económica 
650 |a Finanzas Internacionales 
650 |a Países Subdesarrollados 
910 |a Fondo General 
920 |a Impresos - Libros 
930 |a Colección General 
905 |a 101 
901 |a 071877  |b IT1  |c ACC  |i 071877  |u 20250521 
902 |a https://opac.biblio.iteso.mx/vufind/Record/000248058